00449nam a2200181 a 4500001001300000003000900013005001700022008004100039020001000080082001800090100002300108245002300131260003400154300000800188500003500196650001300231700002300244nice12345678IN_TiNIC20260116011824.0070629s1965 hyda grp 000 0 eng  ac10000a297.831bMAH4 aMahmood, Abu Syead aHiadayat-Ut-taqawa aHyderabadbNo Publisherc1965 a37p aincludes index and biblioraphy aMahdavia1 aMahmood, Abu Syead